Statystyki dla Polacy nominowani do Oscarów

Kliknij tutaj aby rozwiązać quiz!

Ogólne statystyki

  • Ten quiz został rozwiązany 97 razy
  • Średni wynik to 15 z 41

Statystyki odpowiedzi

HintOdpowiedź% Poprawnych
2000, honorowy Oscar za całokształt twórczościAndrzej Wajda
96%
1976, obraz nieanglojęzyczny "Ziemia Obiecana"; nominacjaAndrzej Wajda
96%
1982, obraz nieanglojęzyczny "Człowiek z żelaza"; nominacjaAndrzej Wajda
96%
2008, obraz nieanglojęzyczny "Katyń"; nominacjaAndrzej Wajda
96%
1980, obraz nieanglojęzyczny "Panny z wilka"; nominacjaAndrzej Wajda
96%
2003, reżyseria "Pianisty"; wygranaRoman Polański
90%
1964, obraz nieanglojęzyczny "Nóż w wodzie"; nominacjaRoman Polański
90%
2019, film nieanglojęzyczny "Zimna Wojna"; nominacjaPaweł Pawlikowski
68%
2015, obraz nieanglojęzyczny "Ida"; wygranaPaweł Pawlikowski
68%
2019, reżyseria "Zimnej Wojny"; nominacjaPaweł Pawlikowski
68%
1986, obraz nieanglojęzyczny "Gorzkie żniwa"; nominacjaAgnieszka Holland
50%
2012, obraz nieanglojęzyczny "W ciemności"; nominacjaAgnieszka Holland
50%
1975, obraz nieanglojęzyczny "Potop"; nominacjaJerzy Hoffman
49%
2012, najlepsze zdjęcia do "Czasu Wojny" Spielberga; nominacjaJanusz Kamiński
40%
2008, najlepsze zdjęcia do "Motyl i skafander" Schnabla; nominacjaJanusz Kamiński
40%
1994, zdjęcia do "Listy Schindlera" Spielberga; wygranaJanusz Kamiński
40%
1998, najlepsze zdjęcia do "Amistad" Spielberga; nominacjaJanusz Kamiński
40%
1999, najlepsze zdjęcia do "Szeregowca Ryana" Spielberga; wygranaJanusz Kamiński
40%
2005, muzyka do "Marzyciel" Forstera; wygranaJan A.P. Kaczmarek
35%
1967, obraz nieanglojęzyczny "Faraon"; nominacjaJerzy Kawalerowicz
32%
1994, scenografia i dekoracja wnętrz do "Listy Schindlera" Spielberga; wygranaAllan Starski
29%
2003, krótkometrażowy film animowany "Katedra"; nominacjaTomasz Bagiński
29%
2015, najlepsze zdjęcia do "Idy"; nominacjaŁukasz Żal
21%
2019, zdjęcia do "Zimnej Wojny"; nominacjaŁukasz Żal
21%
2003, najlepsze zdjęcia do "Pianisty"; nominacjaPaweł Edelman
21%
1977, obraz nieanglojęzyczny "Noce i dnie"; nominacjaJerzy Antczak
19%
2003, najlepsze kostiumy do "Pianisty"; nominacjaAnna Biedrzycka-Sheppard
13%
1994, kostiumy do "Listy Schindlera" Spielberga; nominacjaAnna Biedrzycka-Sheppard
13%
2015, kostiumy do "Czarownicy" Stromberga; nominacjaAnna Biedrzycka-Sheppard
13%
1983, krótkometrażowy film "Tango"; wygranaZbigniew Rybczyński
13%
1994, scenografia i dekoracja wnętrz do "Listy Schindlera" Spielberga; wygranaEwa Braun
11%
2015, najlepsze zdjęcia do "Idy"; nominacjaRyszard Lenczewski
8%
1954, muzyka do "Lili" Waltersa; wygranaBronisław Kaper
7%
1942, muzyka do "Fantazji" Disneya; wygranaLeopold Stokowski
6%
2015, krótkometrażowy dokument "Joanna"; nominacjaAneta Kopacz
4%
2010, krótkometrażowy dokument "Królik po berlińsku"; nominacjaBartek Konopka
3%
2002, krótkometrażowy film "Męska sprawa"; nominacjaSławomir Fabicki
3%
2015, krótkometrażowy dokument "Nasza klątwa"; nominacjaTomasz Śliwiński
3%
2005, krótkometrażowy dokument "Dzieci z Leningradzkiego"; nominacjaAndrzej Celiński
1%
2005, krótkometrażowy dokument "Dzieci z Leningradzkiego"; nominacjaHanna Polak
1%
2002, krótkometrażowy film "Męska sprawa"; nominacjaBogumił Godfrejów
0%

Rozkład punktacji

Percentyl według liczby udzielonych odpowiedzi

Procent ludzi z każdym wynikiem

Twoja historia wyników

Nie rozwiązałeś tego quizu